000 00597nam a2200121Ia 4500
008 220620s9999||||xx |||||||||||||| ||und||
100 _aMusco, Francesco
245 0 _aCounteracting Urban Heat Island Effects in a Global Climate Change Scenario
546 _aEnglish[eng]
650 _aClimate Change||Energy Efficiency||Remote Sensing||Photogrammetry||Physics
856 _uhttps://library.oapen.org/bitstream/20.500.12657/27834/1/1002171.pdf||https://library.oapen.org/bitstream/20.500.12657/27834/1/1002171.pdf||https://library.oapen.org/bitstream/20.500.12657/27834/1/1002171.pdf
942 _cEB
999 _c25133
_d25133